Estadísticas para El Único País Europeo Restante. . . #2

Haz click aquí para intentar la prueba.

Estadísticas generales

  • Esta prueba ha sido intentada 50 veces
  • La puntuación promedio es 22 de 45

Respuestas en el mapa

Las respuestas están codificadas por una escala verde-roja en el mapa de la prueba según el % correcto abajo.
 

Estadísticas de respuestas

El único país...País% Correcto
Que fue lugar de un evento nuclear de nivel 7 (escala INES)Ucrania
92%
Que rodea completamente a otros 2 países.Italia
86%
Que tiene una zona de clima desértico (clasificación climática de Köppen BWh o BWk)España
83%
Que es un ex miembro de la Unión EuropeaReino Unido
81%
Que toca el Mar NegroBulgaria
78%
Que es el hogar de uno de los 10 museos más visitados del mundo.Francia
75%
Que ha tenido posesiones coloniales en América del Sur.Portugal
72%
Que tiene un pico de montaña de más de 4000 metros sobre el nivel del mar.Suiza
72%
Que tiene una mayoría musulmanaAlbania
69%
Que reclama territorio en la AntártidaNoruega
69%
Que comparte un jefe de estado con otro paísAndorra
67%
Que no es miembro de las Naciones UnidasKosovo
67%
Que tiene frontera con al menos otros 8 países.Austria
64%
Que es una teocraciaCiudad del Vaticano
64%
Que es un país nórdicoFinlandia
64%
Que contuvo el lugar de un asesinato que desencadenó una guerra mundialBosnia y Herzegovina
61%
Que no tiene impuestos a la rentaMónaco
58%
Que es el hogar de una de las 10 empresas más grandes del mundo (por ingresos)Alemania
56%
Que está en la península de los BalcanesMontenegro
56%
Que se haya cambiado el nombre en los últimos 5 añosMacedonia del Norte
53%
Que es el hogar de uno de los 10 aeropuertos más transitados de EuropaPaíses Bajos
53%
Que es miembro permanente del Consejo de Seguridad de la ONURusia
53%
Que tiene las mismas primeras 4 letras que otro paísEslovenia
50%
Que es uno de los 10 primeros países europeos por número de turistas (entrantes)Grecia
44%
Que es sede de una de las sedes institucionales de la Unión EuropeaLuxemburgo
44%
Que contiene la desembocadura de uno de los 10 ríos más largos de EuropaRumania
44%
Que perdió más del 10% de su población en la Primera Guerra MundialSerbia
44%
Donde vivió Karl MarxBélgica
42%
Que tiene territorio en el hemisferio occidental (no incluidos los territorios de ultramar)Islandia
36%
Que tiene una densidad de población superior a 1.000 personas por Km²Malta
33%
Que no limita con el mar.Moldavia
33%
Que tiene una ciudad que haya estado continuamente habitada desde el año 800 a.C.Croacia
31%
Que su punto más alto esté a menos de 300 metros sobre el nivel del mar.Dinamarca
31%
Que es mencionado por su nombre actual en varias obras de William Shakespeare.Irlanda
31%
Que tiene una edificación de más de 250 metros de altura.Polonia
31%
Que produce la mayor parte de su electricidad a través de energía nuclear.Eslovaquia
28%
Que haya estado formalmente en guerra con los Estados Unidos.Hungría
28%
Que tiene representada una característica geográfica en la bandera.San Marino
28%
Que tiene una isla más grande que Maui (~1.900 kilómetros cuadrados)Estonia
22%
Que tiene una población que sea menos del 25% urbana.Liechtenstein
22%
Que tiene una mayoría católicaLituania
19%
Que tiene una bandera compuesta enteramente de rojo, blanco y azul.República Checa
19%
Que no usa el euroSuecia
19%
Que uno de sus idiomas oficiales sea también idioma oficial de las Naciones Unidas.Bielorrusia
17%
Que está en EuropaLetonia
17%

Distribución de puntuación

Porcentaje por número respondido

Porcentaje de gente con cada puntuación

Historial de tus puntuaciones

No has intentado esta prueba.